Normal view
MARC view
- MADERO, FAMILIA
Entry Nombre Personal
001 - NUMERO DE CONTROL
- campo de control: 24837
003 - IDENTIFICADOR DE NUMERO DE CONTROL
- campo de control: UPN
005 - FECHA Y HORA DE LA ÜLTIMA TRANSACCIÓN
- campo de control: 20210219194016.0
008 - DATOS DE LONGITUD FIJA
- campo de control de longitud fija: nabaccnnaabn|||||||||| b |nc|||||d
035 ## - NUMERO DE CONTROL
- Número de control: UPN10000024846
040 ## - FUENTE DE CATALOGACIÓN
- Lenguaje de catalogación: SPA
- Agencia de transcripción: UPN
100 3# - ENCABEZAMIENTO - NOMBRE PERSONAL
- Nombre personal: MADERO, FAMILIA
400 3# - VEÁSE - NOMBRE DE PERSONA
- Personal name: Familia Madero
670 ## - FUENTE EN LA QUE SE LOCALIZARON DATOS
- Cita de la fuente: E
- Información localizada: Borgia, Familia
902 ## - CATALOGADOR
- Catalogador: CAA/250716
